[Event "CECLUB Finals"]
[Site "Calvia ESP"]
[Date "2007.10.20"]
[Round "1"]
[White "Cheparinov, I."]
[Black "Tiviakov, S."]
[Result "1-0"]
[WhiteElo "2670"]
[BlackElo "2643"]
[PlyCount "81"]
[EventDate "2007.10.20"]
[Source "www.chesslib.no"]
[SourceDate "2004.05.04"]

1. d4 Nf6 2. c4 e6 3. Nc3 Bb4 4. Qc2 d5 5. a3 Bxc3+ 6. Qxc3 dxc4 7. Qxc4 b6 8. Bf4 Nd5 9. Bg3 O-O 10. Nf3 f5 11. Qc2 Bb7 12. e4 Ne7 13. Ng5 Nec6 14. Nxe6 Nxd4 15. Qxc7 Qxc7 16. Nxc7 f4 17. Bc4+ Kh8 18. O-O-O fxg3 19. Nxa8 Nbc6 20. fxg3 Bxa8 21. Rhf1 Rc8 22. Kb1 h6 23. Rf7 Kh7 24. Bd5 a5 25. Rd7 a4 26. e5 Nxe5 27. Bxa8 Nxd7 28. Be4+ Kg8 29. Rxd4 Nc5 30. Bg6 b5 31. Rf4 Kh8 32. Bf7 Nd3 33. Rd4 Ne5 34. Bh5 Rc5 35. Be2 Nc6 36. Rd6 b4 37. Bf3 Ne5 38. axb4 Rc4 39. Rb6 Kh7 40. Bd1 Rd4 41. Bxa4 1-0

[Event "Sigeman & Co 12th"]
[Site "Malmo/Copenhagen"]
[Date "2004.05.09"]
[Round "9"]
[White "Nielsen, Peter Heine"]
[Black "Hansen, Curt"]
[Result "1-0"]
[WhiteElo "2628"]
[BlackElo "2635"]
[PlyCount "47"]
[EventDate "2004.04.30"]
[Source "ChessBase"]
[SourceDate "2004.07.27"]

1. d4 Nf6 2. c4 e6 3. Nc3 Bb4 4. Qc2 d5 5. a3 Be7 6. Nf3 O-O 7. Bf4 Nbd7 8. Nb5 dxc4 9. Bxc7 Qe8 10. Nd6 Bxd6 11. Bxd6 b5 12. g3 Bb7 13. Bg2 Nb6 14. O-O Rd8 15. Bxf8 Kxf8 16. Rfd1 Be4 17. Qd2 Na4 18. Ne5 Bxg2 19. Kxg2 Qe7 20. f3 Qd6 21. e4 Ne8 22. Qc2 f6 23. Nxc4 Rc8 24. Qxa4 1-0

[Event "Olimpiadi 2008 - open"]
[Site "Dresda GER"]
[Date "2008.11.22"]
[Round "9"]
[White "Khenkin, I."]
[Black "Wojtaszek, R."]
[Result "1/2-1/2"]
[WhiteElo "2647"]
[BlackElo "2599"]
[PlyCount "32"]
[EventDate "2008.11.13"]
[Source "www.chesslib.no"]
[SourceDate "2004.05.04"]

1. d4 Nf6 2. c4 e6 3. Nc3 Bb4 4. Qc2 d5 5. a3 Bxc3+ 6. Qxc3 O-O 7. Nf3 dxc4 8. Qxc4 b6 9. Bf4 Ba6 10. Qxc7 Qd5 11. Qd6 Qb5 12. Qb4 Qd5 13. Qd6 Qb5 14. Qb4 Qd5 15. Qd6 Qb5 16. Qb4 Qd5 1/2-1/2

[Event "60th ch-RUS Higher League"]
[Site "Krasnoyarsk RUS"]
[Date "2007.09.03"]
[Round "1"]
[White "Khismatullin, D."]
[Black "Landa, K."]
[Result "1-0"]
[WhiteElo "2566"]
[BlackElo "2669"]
[PlyCount "109"]
[EventDate "2007.09.03"]
[Source "www.chesslib.no"]
[SourceDate "2004.05.04"]

1. d4 Nf6 2. c4 e6 3. Nc3 Bb4 4. Qc2 d5 5. a3 Bxc3+ 6. Qxc3 c5 7. dxc5 d4 8. Qc2 e5 9. e3 Nc6 10. b4 a5 11. b5 Ne7 12. Nf3 dxe3 13. Bxe3 Nf5 14. Bg5 Qe7 15. Bxf6 gxf6 16. Bd3 Ng7 17. O-O Qxc5 18. Be4 f5 19. Bd5 e4 20. Qc3 O-O 21. Ng5 Qe7 22. Nh3 Be6 23. Nf4 Qc7 24. g3 Rad8 25. Rfd1 b6 26. Rac1 Rd6 27. Bc6 Rxd1+ 28. Rxd1 Rd8 29. Rc1 Qd6 30. c5 bxc5 31. Qxa5 Bb3 32. Qc3 c4 33. a4 Ne6 34. Nd5 Nc5 35. Qe3 Kh8 36. Qd4+ f6 37. a5 Nd3 38. Ra1 Ne5 39. Qc3 Nxc6 40. bxc6 Qxd5 41. Qxf6+ Kg8 42. a6 e3 43. fxe3 Ba4 44. Qg5+ Kh8 45. Qf6+ Kg8 46. c7 Rc8 47. Qg5+ Kh8 48. Rxa4 Rxc7 49. Qf6+ Kg8 50. Qd4 Qc6 51. a7 Qxa4 52. Qd5+ Kg7 53. a8=Q Qxa8 54. Qxa8 c3 55. Qd8 1-0

[Event "Europa ch 2008"]
[Site "Plovdiv BUL"]
[Date "2008.04.29"]
[Round "8.46"]
[White "Iljin, Artem"]
[Black "Almasi, Zoltan"]
[Result "1/2-1/2"]
[WhiteElo "2556"]
[BlackElo "2674"]
[PlyCount "69"]
[EventDate "2008.04.21"]
[Source "www.chesslib.no"]
[SourceDate "2004.05.04"]

1. d4 Nf6 2. c4 e6 3. Nc3 Bb4 4. Qc2 d5 5. a3 Bxc3+ 6. Qxc3 dxc4 7. Qxc4 b6 8. Bf4 Ba6 9. Qxc7 Qxc7 10. Bxc7 Nc6 11. Nf3 Rc8 12. Bf4 O-O 13. Bd2 Na5 14. Bb4 Nb3 15. Rb1 Rfd8 16. e3 Bxf1 17. Rxf1 Ne4 18. Ke2 a5 19. Kd3 f5 20. Nd2 Nexd2 21. Bxd2 e5 22. Bc3 b5 23. Rbd1 b4 24. axb4 axb4 25. Bxb4 e4+ 26. Ke2 Rc2+ 27. Ke1 Rxb2 28. f3 Nxd4 29. Rxd4 Rxd4 30. exd4 Rxb4 31. fxe4 fxe4 32. Kf2 Rxd4 33. Ke3 Ra4 34. Rf4 Ra2 35. Rg4 1/2-1/2

[Event "TCh-AUT 1st Bundesliga 2007-8"]
[Site "Baden AUT"]
[Date "2007.11.30"]
[Round "1"]
[White "Beliavsky, A."]
[Black "Rozentalis, E."]
[Result "1/2-1/2"]
[WhiteElo "2646"]
[BlackElo "2581"]
[PlyCount "35"]
[EventDate "2007.11.30"]
[Source "www.chesslib.no"]
[SourceDate "2004.05.04"]

1. d4 Nf6 2. c4 e6 3. Nc3 Bb4 4. Qc2 d5 5. a3 Bxc3+ 6. Qxc3 dxc4 7. Qxc4 b6 8. Bf4 Nd5 9. Bg3 O-O 10. Nf3 Ba6 11. Qa4 Qd7 12. Qc2 c5 13. Ng5 Nf6 14. Be5 cxd4 15. Bxf6 d3 16. exd3 gxf6 17. Ne4 Qd4 18. Qc3 1/2-1/2

[Event "Mind Sports Games - Rapid Team"]
[Site "Pechino CINA"]
[Date "2008.10.16"]
[Round "8"]
[White "Bu Xiangzhi"]
[Black "Mahjoob, M."]
[Result "1/2-1/2"]
[WhiteElo "2714"]
[BlackElo "2507"]
[PlyCount "71"]
[EventDate "2008.10.14"]
[Source "www.chesslib.no"]
[SourceDate "2004.05.04"]

1. d4 Nf6 2. c4 e6 3. Nc3 Bb4 4. Qc2 d5 5. a3 Bxc3+ 6. Qxc3 dxc4 7. Qxc4 b6 8. Nf3 O-O 9. Bg5 Ba6 10. Qc2 Nbd7 11. O-O-O Qc8 12. e4 Bxf1 13. Rhxf1 c5 14. dxc5 Nxc5 15. Bxf6 gxf6 16. Kb1 Qb7 17. e5 fxe5 18. Nxe5 Qe4 19. Qxe4 Nxe4 20. Rd4 Nf6 21. Rfd1 Nd5 22. R1d3 f6 23. Nc6 Rf7 24. Re4 Kf8 25. g3 Re8 26. Nd4 e5 27. Nc6 Nc7 28. Nd8 Rfe7 29. Rh4 Nb5 30. Nc6 Rc7 31. a4 Rxc6 32. axb5 Rc7 33. Rd6 Kg7 34. Rg4+ Kf7 35. Rh4 Kg7 36. Rg4+ 1/2-1/2

[Event "Ch (Men) San Diego USA"]
[Site "?"]
[Date "2006.03.11"]
[Round "9"]
[White "Kaidanov Gregory S"]
[Black "Ivanov Alexander V"]
[Result "1/2-1/2"]
[WhiteElo "2603"]
[BlackElo "2606"]
[PlyCount "56"]
[EventDate "2006.??.??"]
[Source "www.chesslib.no"]
[SourceDate "2004.05.04"]

1. d4 Nf6 2. c4 e6 3. Nc3 Bb4 4. Qc2 d5 5. a3 Bxc3+ 6. Qxc3 dxc4 7. Qxc4 b6 8. Nf3 O-O 9. Bg5 Ba6 10. Qc2 Nbd7 11. e4 Qc8 12. O-O-O Bxf1 13. Rhxf1 c5 14. d5 Re8 15. dxe6 Rxe6 16. Bxf6 Rxf6 17. e5 Rh6 18. Qe4 Nf8 19. Rd6 Re6 20. Qd5 Qe8 21. Rd1 Rc8 22. Rd8 Rxd8 23. Qxd8 Qa4 24. Qa8 Re8 25. Qd5 Re7 26. Qa8 Re8 27. Qd5 Re7 28. Qa8 Re8 1/2-1/2

[Event "Hastings 0304 79th"]
[Site "Hastings"]
[Date "2004.01.05"]
[Round "9"]
[White "Rowson, Jonathan"]
[Black "Epishin, Vladimir"]
[Result "1-0"]
[WhiteElo "2541"]
[BlackElo "2658"]
[PlyCount "113"]
[EventDate "2003.12.28"]
[Source "ChessBase"]
[SourceDate "2004.03.30"]

1. d4 Nf6 2. c4 e6 3. Nc3 Bb4 4. Qc2 d5 5. a3 Be7 6. Nf3 Nbd7 7. Bf4 c6 8. e3 Nh5 9. Be5 O-O 10. h3 Nxe5 11. dxe5 g6 12. O-O-O b5 13. cxb5 cxb5 14. Bxb5 Bb7 15. Nd4 Rc8 16. Qa4 Rc5 17. g4 Ng7 18. Kb1 a6 19. Be2 Qc7 20. f4 Rb8 21. Na2 Bc8 22. Rc1 Qb7 23. Nb4 a5 24. Rxc5 Bxc5 25. Qxa5 Bb6 26. Qa4 g5 27. Qd1 gxf4 28. exf4 Bd7 29. Qd2 Ba5 30. Rc1 h6 31. Rc5 Bxb4 32. axb4 Qxb4 33. Qc3 Qxc3 34. Rxc3 Rb4 35. Rd3 Bb5 36. Nxb5 Rxb5 37. Rd4 Rb8 38. b4 Ne8 39. Kb2 Kf8 40. b5 Ke7 41. Ra4 Nc7 42. h4 Rb7 43. g5 h5 44. Ra5 d4 45. Bc4 Ne8 46. Kb3 Ng7 47. Bd3 Nf5 48. Bxf5 exf5 49. Kc4 Rd7 50. Kd3 Rd5 51. Ra7+ Ke6 52. Kc4 Rd8 53. Ra6+ Ke7 54. Rd6 Rc8+ 55. Kb4 Rc1 56. Rxd4 Rh1 57. b6 1-0

[Event "XXIII Open"]
[Site "Cappelle la Grande FRA"]
[Date "2007.03.08"]
[Round "7"]
[White "Drozdovskij, Y."]
[Black "Miroshnichenko, E."]
[Result "1/2-1/2"]
[WhiteElo "2562"]
[BlackElo "2632"]
[PlyCount "42"]
[EventDate "2007.03.03"]
[Source "www.chesslib.no"]
[SourceDate "2004.05.04"]

1. d4 Nf6 2. c4 e6 3. Nc3 Bb4 4. Qc2 d5 5. a3 Bxc3+ 6. Qxc3 c5 7. dxc5 d4 8. Qc2 Nc6 9. b4 e5 10. e4 dxe3 11. Bxe3 a5 12. Rd1 Qe7 13. Qb2 axb4 14. axb4 O-O 15. Nf3 Bg4 16. Be2 Ra4 17. b5 Bxf3 18. Bxf3 Nd4 19. O-O Nxf3+ 20. gxf3 Rxc4 21. Rfe1 Qe6 1/2-1/2

[Event "XIX Carlos Torre Mem KO"]
[Site "Merida MES"]
[Date "2006.12.18"]
[Round "1.2"]
[White "Vera, R."]
[Black "Tiviakov, S."]
[Result "1/2-1/2"]
[WhiteElo "2510"]
[BlackElo "2680"]
[PlyCount "67"]
[EventDate "2006.12.18"]
[Source "www.chesslib.no"]
[SourceDate "2004.05.04"]

1. d4 Nf6 2. c4 e6 3. Nc3 Bb4 4. Qc2 d5 5. a3 Bxc3+ 6. Qxc3 dxc4 7. Qxc4 b6 8. Nf3 Ba6 9. Qa4+ Qd7 10. Qc2 Qc6 11. Qxc6+ Nxc6 12. Bf4 Nd5 13. Bg3 Nce7 14. Rc1 Rc8 15. e4 Bxf1 16. Kxf1 Nf6 17. Nd2 Nh5 18. Ke2 Nxg3+ 19. hxg3 f5 20. f3 O-O 21. b4 c6 22. Nc4 Rcd8 23. Rhd1 Ng6 24. Ke3 fxe4 25. fxe4 Kf7 26. a4 Ke7 27. a5 e5 28. axb6 exd4+ 29. Rxd4 axb6 30. Nxb6 Ne5 31. Rxd8 Rxd8 32. Rc5 Kd6 33. Kd4 Ke6+ 34. Ke3 1/2-1/2

[Event "XXIV ECC"]
[Site "Kallithea GRE"]
[Date "2008.10.18"]
[Round "2"]
[White "Fridman, D2."]
[Black "Pelletier, Y."]
[Result "1/2-1/2"]
[WhiteElo "2630"]
[BlackElo "2557"]
[PlyCount "54"]
[EventDate "2008.10.17"]
[Source "www.chesslib.no"]
[SourceDate "2004.05.04"]

1. d4 Nf6 2. c4 e6 3. Nc3 Bb4 4. Qc2 d5 5. a3 Bxc3+ 6. Qxc3 dxc4 7. Qxc4 b6 8. Nf3 O-O 9. g3 Bb7 10. Bg2 Nbd7 11. O-O Bd5 12. Qc2 c5 13. dxc5 Nxc5 14. Bf4 Rc8 15. Rad1 Qe7 16. Qb1 Rfd8 17. Be5 h6 18. Rfe1 a5 19. b4 Nce4 20. Qb2 axb4 21. axb4 Rc4 22. Bxf6 Qxf6 23. Qxf6 gxf6 24. Nd2 Rd4 25. Nxe4 Bxe4 26. Rxd4 Rxd4 27. e3 Rxb4 1/2-1/2

[Event "35th T-ch GR"]
[Site "Ermioni"]
[Date "2006.07.10"]
[Round "7.1"]
[White "Inarkiev, Ernesto"]
[Black "Kulaots, Kaido"]
[Result "1/2-1/2"]
[WhiteElo "2625"]
[BlackElo "2550"]
[PlyCount "90"]
[EventDate "2006.07.??"]
[Source "www.chesslib.no"]
[SourceDate "2004.05.04"]

1. d4 Nf6 2. c4 e6 3. Nc3 Bb4 4. Qc2 d5 5. a3 Bxc3+ 6. Qxc3 dxc4 7. Qxc4 b6 8. b4 Ba6 9. b5 Bb7 10. a4 a6 11. Ba3 axb5 12. axb5 c5 13. bxc6 Nxc6 14. e3 Qd5 15. Qxd5 Nxd5 16. Nf3 Kd7 17. Bb5 f6 18. Kd2 Ra5 19. Bd3 h6 20. Ne1 Rha8 21. Nc2 Ncb4 22. Bb2 Nxd3 23. Kxd3 Ra2 24. Rxa2 Rxa2 25. Ba3 Bc6 26. Ra1 Rxa1 27. Nxa1 h5 28. Nc2 g5 29. g3 f5 30. h3 Nf6 31. Ke2 Ne4 32. h4 g4 33. Bf8 Bb5+ 34. Ke1 Bc4 35. Nb4 Kc7 36. Be7 Kb7 37. Bf8 Kc7 38. Be7 b5 39. Bc5 Kb7 40. Be7 Kc7 41. Bg5 Kb6 42. Bd8+ Kb7 43. Be7 Kc7 44. Bg5 Kb6 45. Bd8+ Kb7 1/2-1/2

[Event "60th ch-RUS Higher League"]
[Site "Krasnoyarsk RUS"]
[Date "2007.09.09"]
[Round "6"]
[White "Bocharov, D."]
[Black "Kornev, Alexei"]
[Result "1/2-1/2"]
[WhiteElo "2605"]
[BlackElo "2567"]
[PlyCount "118"]
[EventDate "2007.09.03"]
[Source "www.chesslib.no"]
[SourceDate "2004.05.04"]

1. d4 Nf6 2. c4 e6 3. Nc3 Bb4 4. Qc2 d5 5. a3 Bxc3+ 6. Qxc3 dxc4 7. Qxc4 b6 8. Bf4 Ba6 9. Qxc7 Qxc7 10. Bxc7 Nbd7 11. Bf4 Rc8 12. f3 Rc2 13. Rb1 Nd5 14. Nh3 Nxf4 15. Nxf4 g5 16. Nh3 g4 17. Nf4 Ke7 18. e4 Bxf1 19. Rxf1 gxf3 20. Rxf3 Rhc8 21. e5 b5 22. Kd1 Nb6 23. Ne2 a6 24. Rd3 h5 25. g3 Kd7 26. Rd2 R2c4 27. Nf4 Ke7 28. Ke2 h4 29. g4 Rc1 30. Rxc1 Rxc1 31. Rd1 Rc2+ 32. Rd2 Rc1 33. Nd3 Rh1 34. Kf3 Nc4 35. Rc2 Rd1 36. Ke2 Rh1 37. Kf3 Rd1 38. Rc3 Rd2 39. h3 Nxb2 40. Nxb2 Rxb2 41. g5 Rd2 42. Ke4 Rg2 43. Rc6 Rxg5 44. Rxa6 Rg3 45. a4 bxa4 46. Rxa4 Rxh3 47. Ra8 Rh1 48. Rh8 h3 49. Kf3 Kd7 50. Kg3 Rd1 51. Rh7 Rd3+ 52. Kh2 Rf3 53. Rh8 Kc6 54. Rd8 Rd3 55. Rd6+ Kb5 56. Rd7 Kc4 57. Rxf7 Kxd4 58. Rd7+ Ke4 59. Rd6 Re3 1/2-1/2

[Event "76th ch-UKR Final"]
[Site "Kharkiv UKR"]
[Date "2007.11.18"]
[Round "2"]
[White "Gasanov, E."]
[Black "Miroshnichenko, E."]
[Result "0-1"]
[WhiteElo "2503"]
[BlackElo "2651"]
[PlyCount "54"]
[EventDate "2007.11.17"]
[Source "www.chesslib.no"]
[SourceDate "2004.05.04"]

1. d4 Nf6 2. c4 e6 3. Nc3 Bb4 4. Qc2 d5 5. a3 Bxc3+ 6. Qxc3 c5 7. dxc5 d4 8. Qg3 Nc6 9. Nf3 O-O 10. Bh6 Ne8 11. h4 e5 12. h5 f5 13. e3 Qa5+ 14. Nd2 Kh8 15. Bg5 h6 16. Bh4 f4 17. exf4 exf4 18. Qf3 Bf5 19. O-O-O Nc7 20. Ne4 Na6 21. Nd6 Bh7 22. g4 Nxc5 23. Nf5 Rxf5 24. gxf5 Bxf5 25. Rh3 Qa4 26. Rd2 Nb4 27. Re2 Na2+ 0-1

[Event "Europa ch 2008"]
[Site "Plovdiv BUL"]
[Date "2008.04.22"]
[Round "2.35"]
[White "Golod, Vitali"]
[Black "Kulaots, Kaido"]
[Result "1/2-1/2"]
[WhiteElo "2606"]
[BlackElo "2530"]
[PlyCount "23"]
[EventDate "2008.04.21"]
[Source "www.chesslib.no"]
[SourceDate "2004.05.04"]

1. d4 Nf6 2. c4 e6 3. Nc3 Bb4 4. Qc2 d5 5. a3 Bxc3+ 6. Qxc3 c5 7. dxc5 d4 8. Qc2 e5 9. b4 a5 10. Rb1 axb4 11. axb4 g6 12. Qb2 1/2-1/2

[Event "7th Amplico AIG Life"]
[Site "Warsaw POL"]
[Date "2007.12.16"]
[Round "11"]
[White "Sumets, A."]
[Black "Macieja, B."]
[Result "0-1"]
[WhiteElo "2529"]
[BlackElo "2606"]
[PlyCount "56"]
[EventDate "2007.12.15"]
[Source "www.chesslib.no"]
[SourceDate "2004.05.04"]

1. d4 Nf6 2. c4 e6 3. Nc3 Bb4 4. Qc2 d5 5. a3 Bxc3+ 6. Qxc3 dxc4 7. Qxc4 b6 8. Bf4 Ba6 9. Qxc7 Qxc7 10. Bxc7 Nc6 11. Nf3 Rc8 12. Bf4 Na5 13. Rb1 Nb3 14. e3 Bxf1 15. Rxf1 Ne4 16. Ke2 f5 17. Kd3 O-O 18. Ng5 e5 19. f3 Nxg5 20. Bxg5 e4+ 21. Ke2 Rc2+ 22. Ke1 Rxg2 23. Be7 Re8 24. Bb4 f4 25. fxe4 fxe3 26. d5 e2 27. Rf3 Nd4 28. Rg3 Nc2+ 0-1

[Event "Bundesliga 2007-8"]
[Site "Werder Bremen GER"]
[Date "2007.12.08"]
[Round "5"]
[White "Flumbort, A."]
[Black "Wojtaszek, R."]
[Result "1/2-1/2"]
[WhiteElo "2499"]
[BlackElo "2635"]
[PlyCount "49"]
[EventDate "2007.10.19"]
[Source "www.chesslib.no"]
[SourceDate "2004.05.04"]

1. d4 Nf6 2. c4 e6 3. Nc3 Bb4 4. Qc2 d5 5. a3 Bxc3+ 6. Qxc3 O-O 7. Nf3 a5 8. Bg5 Nbd7 9. e3 c6 10. Bd3 h6 11. Bxf6 Nxf6 12. O-O dxc4 13. Qxc4 Qb6 14. Rfc1 Rd8 15. Rc2 Bd7 16. Rac1 Be8 17. Qc5 Qxc5 18. Rxc5 Nd7 19. R5c3 a4 20. Rc4 Ra7 21. Kf1 Nb6 22. Rc5 Nd7 23. R5c4 Nb6 24. Rc5 Nd7 25. R5c4 1/2-1/2

[Event "Aeroflot Open 2008"]
[Site "Moscu RUS"]
[Date "2008.02.14"]
[Round "1.24"]
[White "Olafsson, Helgi"]
[Black "Smirnov, Pavel"]
[Result "1-0"]
[WhiteElo "2531"]
[BlackElo "2599"]
[PlyCount "125"]
[EventDate "2008.02.14"]
[Source "www.chesslib.no"]
[SourceDate "2004.05.04"]

1. d4 Nf6 2. c4 e6 3. Nc3 Bb4 4. Qc2 d5 5. a3 Bxc3+ 6. Qxc3 c5 7. dxc5 d4 8. Qc2 Nc6 9. b4 e5 10. e4 O-O 11. Bd3 a5 12. Rb1 Nh5 13. Ne2 Qf6 14. O-O g5 15. f3 Nf4 16. g3 Bh3 17. Rf2 Nxd3 18. Qxd3 axb4 19. axb4 Ra2 20. b5 Na5 21. g4 h5 22. Ng3 Rxf2 23. Kxf2 Bxg4 24. Bxg5 Qxg5 25. fxg4 h4 26. Nf5 Nxc4 27. Qxc4 Qf4+ 28. Kg1 Qxg4+ 29. Kf2 Qf4+ 30. Kg1 Qg4+ 31. Kf2 Qf4+ 32. Kg1 Qxe4 33. Qf1 Kh7 34. Re1 Rg8+ 35. Ng3 Qg4 36. Rxe5 Rg7 37. Qd3+ Rg6 38. Re4 Qg5 39. Qxd4 hxg3 40. Rh4+ Rh6 41. Qe4+ Kh8 42. Qd4+ Kh7 43. Rxh6+ Qxh6 44. Qd3+ Kh8 45. Qc3+ Kh7 46. hxg3 Qg6 47. c6 Qb1+ 48. Kh2 Qf5 49. Kg2 Qd5+ 50. Kg1 bxc6 51. bxc6 Qd1+ 52. Kf2 Qh1 53. c7 Qh2+ 54. Kf3 Qh1+ 55. Kf4 Qh6+ 56. Ke4 Qe6+ 57. Kf3 Qd5+ 58. Kf2 Qf5+ 59. Kg1 Qb1+ 60. Kh2 Qa2+ 61. Kh3 Qe6+ 62. g4 Qc8 63. Qc5 1-0

[Event "Mind Sports Games - Rapid Team KO"]
[Site "Pechino CINA"]
[Date "2008.10.17"]
[Round "1.2"]
[White "Drozdovskij, Y."]
[Black "Perelshteyn, E."]
[Result "1/2-1/2"]
[WhiteElo "2587"]
[BlackElo "2536"]
[PlyCount "63"]
[EventDate "2008.10.14"]
[Source "www.chesslib.no"]
[SourceDate "2004.05.04"]

1. d4 Nf6 2. c4 e6 3. Nc3 Bb4 4. Qc2 d5 5. a3 Bxc3+ 6. Qxc3 dxc4 7. Qxc4 b6 8. Nf3 O-O 9. Bg5 Ba6 10. Qc2 Nbd7 11. e4 Bxf1 12. Rxf1 Qc8 13. O-O-O Qb7 14. Bxf6 Nxf6 15. e5 Nd7 16. Ng5 g6 17. Ne4 c5 18. dxc5 Nxc5 19. Nf6+ Kg7 20. f4 Rac8 21. Kb1 b5 22. Qf2 b4 23. Qh4 h6 24. Rf3 Rh8 25. axb4 Qxb4 26. Nh5+ Kg8 27. Rd8+ Rxd8 28. Qxd8+ Kh7 29. Nf6+ Kg7 30. Nh5+ Kh7 31. Nf6+ Kg7 32. Nh5+ 1/2-1/2

[Event "XXIII Open"]
[Site "Cappelle la Grande FRA"]
[Date "2007.03.08"]
[Round "7"]
[White "Golod, V."]
[Black "Ionov, S."]
[Result "1/2-1/2"]
[WhiteElo "2597"]
[BlackElo "2522"]
[PlyCount "48"]
[EventDate "2007.03.03"]
[Source "www.chesslib.no"]
[SourceDate "2004.05.04"]

1. d4 Nf6 2. c4 e6 3. Nc3 Bb4 4. Qc2 d5 5. a3 Bxc3+ 6. Qxc3 c5 7. dxc5 d4 8. Qc2 e5 9. e4 a5 10. f4 Nc6 11. Nf3 Nd7 12. fxe5 O-O 13. Bf4 Nxc5 14. Rd1 f6 15. exf6 Qxf6 16. Bg3 Bg4 17. Bd3 Bxf3 18. gxf3 Qxf3 19. Rf1 Nxd3+ 20. Qxd3 Qg2 21. Rxf8+ Rxf8 22. Qe2 Qh3 23. Kd2 Qe6 24. Kc1 Rf5 1/2-1/2

[Event "Dordrecht FPO"]
[Site "?"]
[Date "1998.??.??"]
[Round "?"]
[White "Gurevich Dmitry"]
[Black "Kasimdzhanov Rustam"]
[Result "1/2-1/2"]
[WhiteElo "2540"]
[BlackElo "2565"]
[PlyCount "142"]
[EventDate "1998.??.??"]
[Source "www.chesslib.no"]
[SourceDate "2004.05.04"]

1. d4 Nf6 2. c4 e6 3. Nc3 Bb4 4. Qc2 d5 5. a3 Be7 6. Bg5 O-O 7. e3 h6 8. Bh4 c6 9. Nf3 Nbd7 10. Rd1 b6 11. Be2 Bb7 12. O-O dxc4 13. Bxc4 c5 14. dxc5 Qc8 15. b4 bxc5 16. b5 Bxf3 17. gxf3 Ne5 18. Be2 Qb7 19. Kg2 Rac8 20. Bg3 Ng6 21. Ne4 Nd5 22. Bc4 Rfd8 23. Kg1 Kh8 24. a4 f5 25. Nd2 Bf6 26. e4 Nb4 27. Qb1 f4 28. e5 Nxe5 29. Bxf4 Rxd2 30. Bxe5 Rxd1 31. Rxd1 Bxe5 32. Bxe6 Rf8 33. Bg4 a6 34. Re1 Bd4 35. Qg6 Qf7 36. Qxf7 Rxf7 37. Re8+ Kh7 38. b6 c4 39. Re4 Bxb6 40. Rxc4 a5 41. Kg2 g6 42. f4 Nd3 43. f5 gxf5 44. Bh5 Rg7+ 45. Kf1 Ne5 46. Rf4 Rg5 47. Be2 Ng6 48. Rc4 f4 49. Rc6 Bc5 50. Bd3 Kg7 51. Bxg6 Bxf2 52. Kxf2 Rxg6 53. Rc4 Rg4 54. h3 Rh4 55. Rc5 Rxh3 56. Rxa5 Kg6 57. Kg2 Rb3 58. Rc5 h5 59. a5 Ra3 60. Kh2 h4 61. Rh5 Kf6 62. Rxh4 Ke5 63. Kg2 Ke4 64. Kg1 Ra1+ 65. Kh2 Kf3 66. a6 Kf2 67. a7 f3 68. Kh3 Ra6 69. Ra4 Rxa4 70. a8=Q Ke3 71. Qe4+ Kxe4 1/2-1/2

[Event "RUS"]
[Site "?"]
[Date "2006.04.26"]
[Round "7"]
[White "Khismatullin Denis"]
[Black "Yemelin Vasily"]
[Result "1-0"]
[WhiteElo "2584"]
[BlackElo "2520"]
[PlyCount "67"]
[EventDate "2006.??.??"]
[Source "www.chesslib.no"]
[SourceDate "2004.05.04"]

1. d4 Nf6 2. c4 e6 3. Nc3 Bb4 4. Qc2 d5 5. a3 Bxc3+ 6. Qxc3 c5 7. dxc5 d4 8. Qg3 Nc6 9. Nf3 O-O 10. Bh6 Ne8 11. O-O-O f6 12. Bd2 b6 13. e3 bxc5 14. exd4 cxd4 15. Bd3 Qb6 16. Qh4 g6 17. b4 a5 18. b5 Qc5 19. Bh6 Qxa3+ 20. Kd2 Nb4 21. Qxd4 Qa2+ 22. Ke3 Qb3 23. Ke2 e5 24. Qc5 Rf7 25. Be4 Be6 26. Nd2 Qc3 27. Rc1 Qa3 28. Ra1 Qb2 29. Rhb1 Qc3 30. Rc1 Qb2 31. Bxa8 Bf5 32. Bd5 Bd3+ 33. Ke1 Nc2+ 34. Kd1 1-0

[Event "Las Vegas USA"]
[Site "?"]
[Date "2006.06.17"]
[Round "4"]
[White "Golod Vitali"]
[Black "Perelshteyn Eugene"]
[Result "1/2-1/2"]
[WhiteElo "2571"]
[BlackElo "2526"]
[PlyCount "55"]
[EventDate "2006.??.??"]
[Source "www.chesslib.no"]
[SourceDate "2004.05.04"]

1. d4 Nf6 2. c4 e6 3. Nc3 Bb4 4. Qc2 d5 5. a3 Bxc3+ 6. Qxc3 dxc4 7. Qxc4 b6 8. Bf4 Ba6 9. Qa4+ Qd7 10. Qxd7+ Nbxd7 11. Rc1 c5 12. dxc5 Nxc5 13. Nf3 O-O 14. Bd6 Nb3 15. Rc3 Ne4 16. Rxb3 Nxd6 17. e3 Rac8 18. Kd1 Bb7 19. Bd3 f6 20. Rg1 Ne4 21. Ke2 Nc5 22. Rc3 Nxd3 23. Rxc8 Nf4+ 24. exf4 Rxc8 25. Rd1 Rc2+ 26. Kd3 Rc5 27. Ke3 Bd5 28. g3 1/2-1/2

[Event "XXXVIII Rilton Cup"]
[Site "Stoccolma SVE"]
[Date "2008.12.30"]
[Round "4"]
[White "Hillarp Persson, T."]
[Black "Ivanov, Sergey1"]
[Result "1/2-1/2"]
[WhiteElo "2543"]
[BlackElo "2547"]
[PlyCount "73"]
[EventDate "2008.12.27"]
[Source "www.chesslib.no"]
[SourceDate "2004.05.04"]

1. d4 Nf6 2. c4 e6 3. Nc3 Bb4 4. Qc2 d5 5. a3 Bxc3+ 6. Qxc3 dxc4 7. Qxc4 b6 8. Nf3 O-O 9. Bg5 Ba6 10. Qa4 c5 11. Rc1 Qd7 12. Qxd7 Nbxd7 13. Bxf6 Nxf6 14. e3 Bxf1 15. Rxf1 Rfc8 16. Ke2 Kf8 17. Rfd1 Ke7 18. Ne5 cxd4 19. Nc6+ Ke8 20. Nxd4 a6 21. f3 b5 22. e4 Nd7 23. Ke3 g6 24. b3 e5 25. Nc6 a5 26. f4 f6 27. fxe5 Nxe5 28. Nxe5 fxe5 29. a4 bxa4 30. bxa4 Kf7 31. Rd7+ Ke6 32. Rcd1 Rc3+ 33. Kf2 Rf8+ 34. Kg1 Rc6 35. Rxh7 Rf4 36. Re1 Rc4 37. Ra7 1/2-1/2

[Event "Mitropa Cup 2008"]
[Site "Olbia ITA"]
[Date "2008.05.26"]
[Round "2.1"]
[White "Erdos, Viktor"]
[Black "Saric, Ante"]
[Result "1/2-1/2"]
[WhiteElo "2576"]
[BlackElo "2505"]
[PlyCount "50"]
[EventDate "2008.05.25"]
[Source "www.chesslib.no"]
[SourceDate "2004.05.04"]

1. d4 Nf6 2. c4 e6 3. Nc3 Bb4 4. Qc2 d5 5. a3 Bxc3+ 6. Qxc3 dxc4 7. Qxc4 b6 8. Nf3 O-O 9. Bg5 Ba6 10. Qa4 c5 11. dxc5 bxc5 12. Rd1 Qb6 13. Bxf6 gxf6 14. Qg4+ Kh8 15. Rd2 Nc6 16. Qh4 Kg7 17. Qg3+ Kh8 18. Qf4 Kg7 19. Qg4+ Kh8 20. Qh4 Kg7 21. Ng5 fxg5 22. Qxg5+ Kh8 23. Qf6+ Kg8 24. Qg5+ Kh8 25. Qf6+ Kg8 1/2-1/2

[Event "It (Open) INT"]
[Site "?"]
[Date "2006.05.06"]
[Round "?"]
[White "Lysyj Igor"]
[Black "Ovetchkin Roman"]
[Result "1-0"]
[WhiteElo "2527"]
[BlackElo "2548"]
[PlyCount "103"]
[EventDate "2006.??.??"]
[Source "www.chesslib.no"]
[SourceDate "2004.05.04"]

1. d4 Nf6 2. c4 e6 3. Nc3 Bb4 4. Qc2 d5 5. a3 Bxc3+ 6. Qxc3 c5 7. dxc5 Nc6 8. e3 O-O 9. Nf3 Ne4 10. Qc2 Nxc5 11. b4 Ne4 12. Bb2 Ng5 13. Nd2 e5 14. cxd5 Qxd5 15. h4 Ne6 16. Rd1 Re8 17. Ne4 Ned4 18. exd4 exd4 19. f3 Bf5 20. Bd3 Rac8 21. Qe2 Ne5 22. O-O Nxd3 23. Qxd3 Bxe4 24. fxe4 Rxe4 25. Rfe1 Rxh4 26. Qg3 Qh5 27. Rc1 Rf8 28. Re5 Qh6 29. Rce1 Rh1+ 30. Kf2 Rxe1 31. Rxe1 Qd2+ 32. Re2 Qd1 33. Qg4 Rd8 34. Re8+ Rxe8 35. Qxd1 Rd8 36. Bxd4 f6 37. Qd3 a6 38. Qc4+ Kh8 39. Bb6 Rg8 40. Qc7 h6 41. Qxb7 Re8 42. Qxa6 Re4 43. Bc5 Rf4+ 44. Ke3 Rg4 45. Kf3 Rg5 46. Qc8+ Kh7 47. a4 h5 48. a5 h4 49. a6 Rg3+ 50. Kf2 Ra3 51. a7 Ra2+ 52. Kf3 1-0

[Event "It \"]
[Site "Augsburg (Germany)"]
[Date "2007.12.30"]
[Round "3"]
[White "Bromberger Stefan (GER)"]
[Black "Rozentalis Eduardas (LTU)"]
[Result "1/2-1/2"]
[WhiteElo "2491"]
[BlackElo "2581"]
[PlyCount "36"]
[EventDate "2007.??.??"]
[Source "www.chesslib.no"]
[SourceDate "2004.05.04"]

1. d4 Nf6 2. c4 e6 3. Nc3 Bb4 4. Qc2 d5 5. a3 Bxc3+ 6. Qxc3 dxc4 7. Qxc4 b6 8. Bf4 Nd5 9. Bg3 O-O 10. Nf3 Ba6 11. Qc2 Nd7 12. e4 Bxf1 13. Rxf1 N5f6 14. Qc6 Rc8 15. Rd1 Nb8 16. Qc2 Nbd7 17. Qc6 Nb8 18. Qc2 Nbd7 1/2-1/2